000
00288nam a22001337a 4500
003
SGT
082
_a
320
_b
D05D
100
_a
DEUSKAR, SAKHARAM GANESH
245
_a
DESH KI BAAT
260
_b
NATIONAL BOOK TRUST
_c
2005
300
_a
345
650
_a
POLITICAL SCIENCE
942
_2
ddc
_c
BK
999
_c
28066
_d
28066